000 00715nab a2200229u 4500
001 15772
003 HDC
007 c| |||a|c|aaaa
008 210218b20140526my ||||| |||| 00| 0 may d
040 _aHDC
245 0 _aMesyuarat khas JAKIM, Cadbury hari ini
336 _atext
_2rdacontent
337 _acomputer
_2rdamedia
338 _aonline resource
_2rdacarrier
650 _aCadbury Malaysia
_99641
650 _apig DNA (porcine)
_915846
710 _aBERITA HARIAN
856 _zRequest full-text at [email protected]
942 _2lcc
942 _cNEWS
942 _kNWSC 003770
999 _c13088
_d13088